Ekonomický boom v africkom rohu? Etiópia "vystiera červený koberec " zahraničným investorom

Etiópia sa otvára zahraničným investorom. Hospodárska a politická situácia v Etiópii. Pomalá privatizácia odrádza zahraničných podnikateľov. Pôžičky pre Etiópiu od Svetovej banky. Nutné zmeny v ekonomike Etiópie.

Salvato in:
Dettagli Bibliografici
Autore principale: Novák, Jaromír
Natura: Libro
Lingua:slovacco
Soggetti:
Tags: Aggiungi Tag
Nessun Tag, puoi essere il primo ad aggiungerne!!

MARC

LEADER 00000nam a2200000 4500
001 r030832
005 20230824094444.8
041 0 |a slo 
044 |a SK 
245 1 0 |a Ekonomický boom v africkom rohu?  |b Etiópia "vystiera červený koberec " zahraničným investorom  |c Jaromír Novák 
520 |a Etiópia sa otvára zahraničným investorom. Hospodárska a politická situácia v Etiópii. Pomalá privatizácia odrádza zahraničných podnikateľov. Pôžičky pre Etiópiu od Svetovej banky. Nutné zmeny v ekonomike Etiópie. 
610 2 0 |a situácia hospodárska 
610 2 0 |a rozvoj hospodársky 
610 2 0 |a investície zo zahraničia 
610 2 0 |a investori 
610 2 0 |a investície rozvojové 
610 2 0 |a krajiny rozvojové 
610 2 0 |a menšiny národnostné 
610 2 0 |a privatizácia 
610 2 0 |a reformy 
610 2 0 |a makroekonomika 
610 2 0 |a Etiópia 
610 2 0 |a Afrika 
100 1 |a Novák, Jaromír